000
00296nam a2200109Ia 4500
008
210107s9999 xx 000 0 und d
100
_a
Virmani, B. R.
245
0
_a
Managing People in Organisations : The Challenges of Change
260
_a
New Delhi
_b
Response Books
300
_a
237
942
_c
BK
999
_c
10576
_d
10576